Interface and Transport Dynamics: Computational Modelling
Сохранить в:
| Главные авторы: | , , |
|---|---|
| Формат: | |
| Язык: | английский |
| Опубликовано: |
Berlín
Springer
2003
|
| Серии: | Lecture Notes in Computational Science and Engineering, 32
|
| Предметы: | |
| Метки: |
Добавить метку
Нет меток, Требуется 1-ая метка записи!
|
MARC
| LEADER | 00000nam a2200000 a 4500 | ||
|---|---|---|---|
| 001 | UCH2759 | ||
| 003 | CL-VaPUC | ||
| 008 | 090624e20030000GW |||||||||||||||||eng|d | ||
| 020 | |a 3540403671 | ||
| 082 | 0 | 4 | |a 004.6 |b EMM |2 21 |
| 100 | 0 | |a Emmerich, Heike |e author |9 537784 | |
| 700 | 0 | |a Nestler, Britta |e author |9 537785 | |
| 700 | 0 | |a Schreckenberg, Michael |e author |9 537786 | |
| 245 | 1 | 0 | |a Interface and Transport Dynamics: Computational Modelling |
| 300 | |a 432 p | ||
| 942 | |c BK | ||
| 945 | |d 20090624 00:00:00 |a dcastane | ||
| 260 | |a Berlín |b Springer |c 2003 | ||
| 650 | 7 | |a REDES DE COMPUTACION |2 CL-VaPUC |9 320137 | |
| 650 | 7 | |a SISTEMA DE TRANSMISION DE DATOS |2 CL-VaPUC |9 425149 | |
| 650 | 7 | |a INTERFASE COMPUTACIONAL |2 CL-VaPUC |9 264070 | |
| 583 | |a last modification |c 20090624 00:00:00 |k Rodrigo Vera | ||
| 490 | 0 | |a Lecture Notes in Computational Science and Engineering, 32 | |
| 999 | |c 334458 |d 334456 | ||
| 952 | |0 0 |1 0 |4 0 |6 004_600000000000000_EMM_2003 |7 0 |8 A |9 423512 |a BIBCUR |b BIBCUR |d 2019-11-22 |i 4564618 |o 004.6 EMM 2003 |p 4564618 |r 2025-04-22 |w 2019-11-22 |y BK |k FIS | ||